| 000 | 00680nam a22001937a 4500 | ||
|---|---|---|---|
| 005 | 20100730143319.0 | ||
| 010 | _aENG-97024 | ||
| 020 |
_a9788170288794 _c195.00 |
||
| 035 | _aEN-80557 | ||
| 037 | _bDBAD/PUB | ||
| 082 | _a954.052092 | ||
| 100 |
_aKalam, APJ Abdul _93761 |
||
| 245 |
_aIndomitable spirit / _cby APJ Abdul Kalam |
||
| 260 |
_aDelhi _bRajpal & Sons _c2010 |
||
| 270 |
_aMadrasa Road, Kashmere Gate _bDelhi _e110006 |
||
| 300 |
_a254p. _c22cm (pbk) |
||
| 942 |
_2ddc _cEN _h954.052092 _mKAL |
||
| 999 |
_c38269 _d38269 |
||